La pasión y la excepción: Eva, Borges y el asesinato de Aramburu
Gespeichert in:
| 1. Verfasser: | |
|---|---|
| Format: | Buch |
| Sprache: | Spanisch |
| Veröffentlicht: |
Buenos Aires
Siglo Veintiuno Editores
2003
|
| Ausgabe: | 1a. ed |
| Schlagworte: | |
| Tags: |
Tag hinzufügen
Keine Tags, Fügen Sie den ersten Tag hinzu!
|
MARC
| LEADER | 00000cam a2200000 a 4500 | ||
|---|---|---|---|
| 001 | UCF4470 | ||
| 003 | CL-VaPUC | ||
| 008 | 121206e20030000AG |||||||||||||||||spa|d | ||
| 020 | |a 9789871105397 | ||
| 082 | 0 | 4 | |a Ar864.9 |b SAR |2 21 |
| 100 | 0 | |a Sarlo, Beatriz |e author |9 555899 | |
| 245 | 1 | 3 | |a La pasión y la excepción: Eva, Borges y el asesinato de Aramburu |
| 250 | |a 1a. ed | ||
| 300 | |a 272 p | ||
| 942 | |c BK | ||
| 945 | |d 20121206 00:00:00 |a dcastane | ||
| 260 | |a Buenos Aires |b Siglo Veintiuno Editores |c 2003 | ||
| 650 | 0 | |a Ensayo argentino |9 506801 | |
| 650 | 0 | |a Crítica literaria |9 269189 | |
| 650 | 0 | |a Crítica e interpretación |9 255042 | |
| 583 | |a last modification |c 20121206 10:49:00 |k Rodrigo Vera | ||
| 999 | |c 350264 |d 350262 | ||
| 952 | |0 0 |1 0 |4 0 |6 AR_864_900000000000000_SAR_2003 |7 0 |8 R |9 453508 |a BIBEDU |b BIBEDU |c MCIRC |d 2019-11-22 |i 4931424 |o Ar864.9 SAR 2003 |p 4931424 |r 2023-01-13 |w 2019-11-22 |y BK_R |k LIT | ||